| 000 | 01079nam a2200313 i 4500 | ||
|---|---|---|---|
| 001 | bg | ||
| 003 | KOSZ 005 | ||
| 005 | 20190801123742.0 | ||
| 008 | 980702s1996 pl a f f |000 0 pol | ||
| 015 | _aPB 1996/3044 | ||
| 020 | _a8301119136 | ||
| 035 | _a(OCoLC)749270553 | ||
| 040 |
_aWA N _cKOSZ 005/HR _dKOSZ 005/HR |
||
| 080 | _a330.43 | ||
| 080 | _a(075.8) | ||
| 245 | 0 | 0 |
_aWprowadzenie do ekonometrii : _bw przykładach i zadaniach / _cred. nauk. Karol Kukuła ; [aut.] Antoni Goryl [et al.]. |
| 260 |
_aWarszawa : _bWydaw. Naukowe PWN, _c1996. |
||
| 300 |
_a371, [1] s. : _bwykr. ; _c24 cm. |
||
| 380 | _aKsiążki. | ||
| 504 | _aBibliogr. s. 369-[372]. | ||
| 658 | _aGospodarka, ekonomia, finanse | ||
| 655 | 4 | _aPodręczniki akademickie | |
| 650 | 4 | _aEkonometria | |
| 700 | 1 |
_aGoryl, Antoni. _eAutor |
|
| 700 | 1 |
_aKukuła, Karol _d(1948- ). _eRedakcja |
|
| 710 | 2 |
_aWydawnictwo Naukowe PWN _4pbl. |
|
| 856 |
_uhttp://koha.tu.koszalin.pl/cgi-bin/koha/opac-detail.pl?biblionumber=24749 _yKatalog online BPK |
||
| 942 |
_2UKD _cKS |
||
| 999 |
_c24749 _d24749 |
||